Вып. 9; Научные и прикладные проблемы энергетики

Detalles Bibliográficos
Parent link:Научные и прикладные проблемы энергетики: республиканский межведомственный сборник/ Белорусский политехнический институт. Вып. 9.— , 1974-1988
Outros autores: Малевич Ю. А. (редактор)
Idioma:ruso
Publicado: 1982
Subjects:
Formato: MixedMaterials Libro
KOHA link:https://koha.lib.tpu.ru/cgi-bin/koha/opac-detail.pl?biblionumber=311500

MARC

LEADER 00000nam2a2200000 4500
001 311500
005 20231102002406.0
035 |a (RuTPU)RU\TPU\book\336857 
090 |a 311500 
100 |a 20151208c1982 km y0rusy5003 ca 
101 0 |a rus 
102 |a BY 
105 |a a z 001zy 
200 0 |a Вып. 9  |f под ред. Ю. А. Малевича 
210 |d 1982 
215 |a 142 с.  |c ил. 
306 |a Изд. выходит с 1974 г. 
320 |a Библиогр. в конце ст. 
461 1 |0 (RuTPU)RU\TPU\book\288145  |t Научные и прикладные проблемы энергетики  |o республиканский межведомственный сборник  |f Белорусский политехнический институт  |v Вып. 9  |d 1974-1988 
606 1 |a Энергетика  |2 stltpush  |3 (RuTPU)RU\TPU\subj\21200  |9 46224 
610 1 |a научные основы 
610 1 |a прикладные проблемы 
610 1 |a электрическая энергия 
610 1 |a тепловая энергия 
610 1 |a распределение 
610 1 |a потребление 
610 1 |a технологические процессы 
610 1 |a автоматизация 
610 1 |a АСУ 
610 1 |a электроприводы 
610 1 |a проектирование 
675 |a 620.9  |z rus  |v 3 
702 1 |a Малевич  |b Ю. А.  |4 340 
801 0 |a RU  |b RuMRKP  |c 19950704  |g psbo 
801 1 |a RU  |b 63413507  |c 20151208 
801 2 |a RU  |b 63413507  |c 20191105  |g RCR 
942 |c BK